| 000 | 00478nam a2200181Ia 4500 | ||
|---|---|---|---|
| 005 | 20250508162133.0 | ||
| 008 | 008 250505s9999 xx 000 0 hin d | ||
| 037 | _aTextual | ||
| 040 |
_aFEDL _beng _cFEDL |
||
| 041 |
_ahin _2eng |
||
| 084 |
_aB, TER _qFEDL |
||
| 100 |
_aRaychoudary Sudev _9772403 |
||
| 245 | 0 | _aMaa teresa | |
| 260 |
_aNew Delhi, India _bRadhakrishna Prakashan _c1980 |
||
| 300 | _a125p. | ||
| 942 |
_cTEXL _hB, TER |
||
| 999 |
_c1374598 _d1374598 |
||